National Assembly Library of Thailand

เอบราแฮม ลิงคอล์น / (ระเบียนเลขที่ 7074)

รายละเอียดในรูปแบบ MARC
000 -LEADER
fixed length control field 00759nam a22002057a 4500
003 - CONTROL NUMBER IDENTIFIER
control field NALT
005 - DATE AND TIME OF LATEST TRANSACTION
control field 20230424153847.0
008 - FIXED-LENGTH DATA ELEMENTS--GENERAL INFORMATION
fixed length control field s2533 th tha d
040 ## - CATALOGING SOURCE
Original cataloging agency NALT
041 ## - LANGUAGE CODE
Language code of text/sound track or separate title tha
050 ## - LIBRARY OF CONGRESS CALL NUMBER
Classification number E 457.15
Item number ส816อ 2533
100 0# - MAIN ENTRY--PERSONAL NAME
Personal name สุนันทา ต่างใจ
9 (RLIN) 60668
245 10 - TITLE STATEMENT
Title เอบราแฮม ลิงคอล์น /
Statement of responsibility, etc. สุนันทา ต่างใจ.
260 ## - PUBLICATION, DISTRIBUTION, ETC.
Place of publication, distribution, etc. กรุงเทพฯ :
Name of publisher, distributor, etc. สวนพลู,
Date of publication, distribution, etc. 2533.
300 ## - PHYSICAL DESCRIPTION
Extent 102 หน้า :
Other physical details ภาพประกอบ ;
Dimensions 21 ซม.
600 14 - SUBJECT ADDED ENTRY--PERSONAL NAME
9 (RLIN) 60669
Personal name ลิงคอล์น, เอบราแฮม
General subdivision ชีวประวัติ
850 ## - HOLDING INSTITUTION
Holding institution NALT
942 ## - ADDED ENTRY ELEMENTS (KOHA)
Koha item type General Book
Source of classification or shelving scheme Library of Congress Classification
996 ## - STAFF PROCESSING RECORDS (NALT)
Staff name saiphon.d
Staff type CATSTF
Acquisition or Cataloging date 2023-04-24
998 ## - STAFF NAME (NALT)
-- 104
-- นางสาวสายฝน ดีงาม
รายการที่มีในห้องสมุด
Withdrawn status Lost status Damaged status Not for loan Collection code Home library Current library Shelving location Total Checkouts Full call number Barcode Date last seen Copy number Price effective from Koha item type Source of classification or shelving scheme Date acquired Total Renewals Date last checked out
      Not for Loan General Book collection National Assembly Library of Thailand National Assembly Library of Thailand Parliament Building 2   E 457.15 ส816อ 3961111838 09/06/2017 ฉ. 2 09/06/2017 General Book        
        General Book collection National Assembly Library of Thailand National Assembly Library of Thailand General Book shelves 1 E 457.15 ส816อ 3961111837 24/04/2023 ฉ.1 09/06/2017 General Book Library of Congress Classification 11/04/2023 1 11/04/2023
หอสมุดรัฐสภา
สำนักงานเลขาธิการสภาผู้แทนราษฎร เลขที่ 1111 ถนนสามเสน แขวงถนนนครไชยศรี เขตดุสิต กรุงเทพฯ 10300
The Secretariat of the House of Representatives 1111 Samsen Road, Thanon Nakhon Chai Si, Dusit, Bangkok 10300, THAILAND
โทรศัพท์: +66(0) 2242 5900 ต่อ 5714-5 โทรสาร: +66(0) 2242 5990 อีเมล: [email protected]